| 000 | 00551nam a22001937a 4500 | ||
|---|---|---|---|
| 008 | 150612b xxu||||| |||| 00| 0 eng d | ||
| 020 | _a0618370404 (v. 1) | ||
| 020 | _a0618370412 (v. 2) | ||
| 041 | 0 | _aeng | |
| 080 | _a93 | ||
| 100 | 1 | _aAndrea, Alfred J., | |
| 245 | 1 | 4 |
_aThe human record : _cAlfred J. Andrea, James H. Overfield. |
| 250 | _a5th ed. | ||
| 260 |
_aBoston : _bHoughton Mifflin _c2005. |
||
| 300 |
_a543 f.: _bme il.; _c23 cm. |
||
| 650 | 0 | _aHistori | |
| 700 | 1 | _aOverfield, James H., | |
| 942 |
_2udc _cBK |
||
| 999 |
_c1039 _d1039 |
||